[Event "Oberliga Ost-B 1213"]
[Site "Germany"]
[Date "2013.03.17"]
[Round "9.5"]
[White "Dreyer, Michael"]
[Black "Henrich, Thomas"]
[Result "0-1"]
[WhiteElo "2235"]
[BlackElo "2224"]
[PlyCount "82"]
[EventDate "2012.09.30"]
[EventType "team-tourn"]
[EventRounds "11"]
[EventCountry "GER"]
[SourceTitle "EXT 2014"]
[Source "ChessBase"]
[SourceDate "2013.11.20"]
[SourceVersion "1"]
[SourceVersionDate "2013.11.20"]
[SourceQuality "1"]
[WhiteTeam "Jena Schott"]
[BlackTeam "Giessen"]
[WhiteTeamCountry "GER"]
[BlackTeamCountry "GER"]

1. e4 c5 2. d3 g6 3. g3 Bg7 4. Bg2 Nc6 5. Nf3 d6 6. 0-0 Nf6 7. Bg5 Qb6 8. Bc1 0-0 9. Nbd2 Qc7 10. Nc4 Rb8 11. a4 a6 12. Rb1 b5 13. axb5 axb5 14. Ne3 e6 15. c3 Bb7 16. h4 Ne7 17. Ng5 h6 18. Nh3 c4 19. Qc2 Nd7 20. d4 e5 21. dxe5 dxe5 22. f4 exf4 23. Nxf4 Nc5 24. Ned5 Nxd5 25. Nxd5 Bxd5 26. exd5 Qxg3 27. Bf4 Qxh4 28. Bxb8 Rxb8 29. Qf2 Qxf2+ 30. Rxf2 Nd3 31. Rd2 b4 32. cxb4 Rxb4 33. d6 Rb6 34. d7 Rd6 35. Bc6 Bd4+ 36. Kh2 Ne5 37. Ra1 Nxc6 38. Ra8+ Kg7 39. Rc2 Rxd7 40. Rxc4 Ne5 41. Rc2 Rb7 0-1

[Event "Oberliga Ost-B 1112"]
[Site "Germany"]
[Date "2012.01.15"]
[Round "7.7"]
[White "Dreyer, Michael"]
[Black "Urban, Lars"]
[Result "1-0"]
[WhiteElo "2219"]
[BlackElo "1944"]
[PlyCount "83"]
[EventDate "2011.10.02"]
[EventType "team-tourn"]
[EventRounds "11"]
[EventCountry "GER"]
[SourceTitle "EXT 2013"]
[Source "ChessBase"]
[SourceDate "2012.11.22"]
[SourceVersion "1"]
[SourceVersionDate "2012.11.22"]
[SourceQuality "1"]
[WhiteTeam "Jena Schott"]
[BlackTeam "Erfurt Empor"]
[WhiteTeamCountry "GER"]
[BlackTeamCountry "GER"]

1. e4 e6 2. d3 d5 3. Nd2 Nf6 4. Ngf3 g6 5. g3 Bg7 6. Bg2 0-0 7. 0-0 c5 8. Re1 Nc6 9. c3 b5 10. e5 Nd7 11. d4 a5 12. Nf1 Ba6 13. h4 b4 14. N1h2 bxc3 15. bxc3 cxd4 16. cxd4 Nb4 17. Bg5 Qc7 18. Rc1 Qa7 19. Qd2 Rfb8 20. Bh6 Bh8 21. Rc3 Rc8 22. Rec1 Rxc3 23. Rxc3 Rc8 24. Rxc8+ Bxc8 25. Ng4 f5 26. exf6 Nxf6 27. Qf4 Qe7 28. Bg5 e5 29. Nxf6+ Bxf6 30. Bxf6 exf4 31. Bxe7 Nxa2 32. Ne5 Nc3 33. Kf1 Be6 34. Ke1 fxg3 35. fxg3 Nb5 36. Bc5 a4 37. Kd2 a3 38. Kc2 a2 39. Kb2 Nc3 40. Bf3 Bf5 41. Bb4 Ne4 42. g4 1-0

[Event "Oberliga Ost-A 1011"]
[Site "Germany"]
[Date "2011.03.20"]
[Round "9.4"]
[White "Dreyer, Michael"]
[Black "Richter, Dustin"]
[Result "1-0"]
[WhiteElo "2235"]
[BlackElo "2085"]
[PlyCount "47"]
[EventDate "2010.10.24"]
[EventType "team-tourn"]
[EventRounds "11"]
[EventCountry "GER"]
[SourceTitle "EXT 2012"]
[Source "ChessBase"]
[SourceDate "2011.11.24"]
[SourceVersion "1"]
[SourceVersionDate "2011.11.24"]
[SourceQuality "1"]
[WhiteTeam "Jena Schott"]
[BlackTeam "Sangerhausen"]
[WhiteTeamCountry "GER"]
[BlackTeamCountry "GER"]

1. e4 c5 2. c3 b6 3. d4 Bb7 4. Bd3 Nf6 5. Qe2 cxd4 6. cxd4 Nc6 7. Nf3 Nb4 8. Nc3 Nxd3+ 9. Qxd3 Qc8 10. Bg5 Ba6 11. Qe3 Qc4 12. Ne5 Qe6 13. f3 d6 14. Bxf6 gxf6 15. Nd5 Rc8 16. Qa3 fxe5 17. Qxa6 Qd7 18. dxe5 Rg8 19. g3 Rc2 20. exd6 Qxd6 21. Qxa7 f5 22. Qa4+ Rc6 23. Nb4 Kd7 24. Rd1 1-0

[Event "Oberliga Ost-A 1011"]
[Site "Germany"]
[Date "2011.02.05"]
[Round "6.3"]
[White "Dreyer, Michael"]
[Black "Horvath, Julia"]
[Result "1-0"]
[WhiteElo "2235"]
[BlackElo "2212"]
[PlyCount "75"]
[EventDate "2010.10.24"]
[EventType "team-tourn"]
[EventRounds "11"]
[EventCountry "GER"]
[SourceTitle "EXT 2012"]
[Source "ChessBase"]
[SourceDate "2011.11.24"]
[SourceVersion "1"]
[SourceVersionDate "2011.11.24"]
[SourceQuality "1"]
[WhiteTeam "Jena Schott"]
[BlackTeam "Magdeburg Rochade"]
[WhiteTeamCountry "GER"]
[BlackTeamCountry "GER"]

1. e4 c5 2. c3 Nf6 3. e5 Nd5 4. d4 cxd4 5. cxd4 e6 6. Nf3 d6 7. Nc3 Nxc3 8. bxc3 Nc6 9. Bf4 Be7 10. Bd3 dxe5 11. Nxe5 Nxe5 12. Bxe5 0-0 13. Qh5 f5 14. 0-0 Bd7 15. Bc4 Rc8 16. Bb3 Bf6 17. Qxf5 Rxc3 18. Bxe6+ Bxe6 19. Qxe6+ Kh8 20. Rfe1 Bxe5 21. Qxe5 Rc2 22. Rac1 Rcxf2 23. Rc7 R2f7 24. Rxf7 Rxf7 25. d5 h6 26. d6 Rd7 27. Rd1 b5 28. h3 a6 29. Kh2 Qf8 30. Qe6 Qd8 31. Rd4 a5 32. Qe5 b4 33. Rg4 Qf8 34. Rg6 Kh7 35. Re6 a4 36. Qe4+ Kg8 37. Re8 b3 38. Qe6+ 1-0

[Event "Oberliga Ost-A 1011"]
[Site "Germany"]
[Date "2010.12.12"]
[Round "4.3"]
[White "Dreyer, Michael"]
[Black "Boettger, Lukas"]
[Result "0-1"]
[WhiteElo "2235"]
[BlackElo "2130"]
[PlyCount "60"]
[EventDate "2010.10.24"]
[EventType "team-tourn"]
[EventRounds "11"]
[EventCountry "GER"]
[SourceTitle "EXT 2012"]
[Source "ChessBase"]
[SourceDate "2011.11.24"]
[SourceVersion "1"]
[SourceVersionDate "2011.11.24"]
[SourceQuality "1"]
[WhiteTeam "Jena Schott"]
[BlackTeam "Coswig"]
[WhiteTeamCountry "GER"]
[BlackTeamCountry "GER"]

1. g3 d5 2. Bg2 g6 3. d3 Bg7 4. c4 dxc4 5. Qa4+ c6 6. dxc4 Nf6 7. Nc3 Nbd7 8. Nf3 0-0 9. Qc2 Qa5 10. Bd2 Qa6 11. b3 Nc5 12. 0-0 Bf5 13. Qc1 Nfe4 14. Nxe4 Nxe4 15. Bh6 Nf6 16. Bxg7 Kxg7 17. Qb2 Rad8 18. Nd4 Bc8 19. e4 Kg8 20. Rfe1 Qb6 21. Rad1 Bg4 22. Rd2 e5 23. Nf3 Bxf3 24. Bxf3 Rxd2 25. Qxd2 Rd8 26. Qg5 Qa5 27. Re2 Kg7 28. h4 Qc3 29. Bg2 h6 30. Qe3 Rd1+ 0-1

[Event "Oberliga Ost-A 0910"]
[Site "Germany"]
[Date "2010.04.10"]
[Round "10.4"]
[White "Dreyer, Michael"]
[Black "Reipsch, Jens"]
[Result "1-0"]
[WhiteElo "2234"]
[BlackElo "2302"]
[PlyCount "67"]
[EventDate "2009.10.18"]
[EventType "team-tourn"]
[EventRounds "11"]
[EventCountry "GER"]
[SourceTitle "EXT 2011"]
[Source "ChessBase"]
[SourceDate "2010.11.26"]
[SourceVersion "1"]
[SourceVersionDate "2010.11.26"]
[SourceQuality "1"]
[WhiteTeam "Jena Schott"]
[BlackTeam "Halle USV"]
[WhiteTeamCountry "GER"]
[BlackTeamCountry "GER"]

1. c4 e5 2. Nc3 Nf6 3. g3 Bc5 4. Bg2 Nc6 5. e3 d6 6. Nge2 a6 7. 0-0 h5 8. d4 Ba7 9. b4 h4 10. b5 axb5 11. cxb5 Ne7 12. dxe5 Ng4 13. exd6 cxd6 14. Nf4 hxg3 15. hxg3 Nh2 16. Re1 Bg4 17. f3 Be6 18. Ne4 d5 19. Ng5 Nf5 20. Ngxe6 fxe6 21. Nxe6 Qb6 22. Qxd5 Nxe3 23. Nd4 Qxd4 24. Qe6+ Kf8 25. Bxe3 Qf6 26. Bxa7 Qxe6 27. Rxe6 Rxa7 28. Rae1 Rh5 29. R1e5 g5 30. Rf5+ Kg7 31. g4 Rh4 32. Rxg5+ Kf7 33. Re2 Ra3 34. Rh5 1-0

[Event "Schleswig Holstein-chA 54th"]
[Site "Buesum"]
[Date "1999.??.??"]
[Round "1"]
[White "Dreyer, Michael"]
[Black "Frohberg, Marco"]
[Result "1/2-1/2"]
[WhiteElo "2240"]
[BlackElo "2287"]
[PlyCount "20"]
[EventDate "1999.??.??"]
[EventType "swiss"]
[EventRounds "9"]
[EventCountry "GER"]
[SourceTitle "EXT 2001"]
[Source "ChessBase"]
[SourceDate "2000.11.22"]
[SourceVersion "1"]
[SourceVersionDate "2000.11.22"]
[SourceQuality "1"]

1. e4 c5 2. Nf3 Nc6 3. d4 cxd4 4. Nxd4 Nf6 5. Nc3 e5 6. Ndb5 d6 7. Bg5 a6 8. Na3 Be7 9. Bxf6 gxf6 10. Nd5 Be6 1/2-1/2

[Event "Schleswig Holstein-ch masters"]
[Site "Bad Segeberg"]
[Date "1998.??.??"]
[Round "6"]
[White "Dreyer, Michael"]
[Black "Harm, Joerg"]
[Result "1/2-1/2"]
[WhiteElo "2210"]
[BlackElo "2190"]
[PlyCount "29"]
[EventDate "1998.04.??"]
[EventType "swiss"]
[EventRounds "9"]
[EventCountry "GER"]
[SourceTitle "EXT 2002"]
[Source "ChessBase"]
[SourceDate "2001.11.25"]
[SourceVersion "1"]
[SourceVersionDate "2001.11.25"]
[SourceQuality "1"]

1. c4 g6 2. Nc3 Bg7 3. g3 e5 4. Bg2 d6 5. d3 c6 6. Nf3 Ne7 7. 0-0 0-0 8. Rb1 a5 9. a3 d5 10. cxd5 cxd5 11. d4 e4 12. Ne1 Nbc6 13. Nc2 Qb6 14. Be3 Rd8 15. Na4 1/2-1/2

[Event "Oberliga Nord N 9697"]
[Site "Germany"]
[Date "1997.??.??"]
[Round "?"]
[White "Rieling, Thomas"]
[Black "Dreyer, Michael"]
[Result "1-0"]
[WhiteElo "2275"]
[BlackElo "2225"]
[PlyCount "43"]
[EventDate "1996.10.??"]
[EventType "team"]
[EventRounds "9"]
[EventCountry "GER"]
[SourceTitle "EXT 1998"]
[Source "ChessBase"]
[SourceDate "1997.11.17"]
[SourceVersion "1"]
[SourceVersionDate "1997.11.17"]
[SourceQuality "1"]

1. e4 e5 2. Nf3 Nc6 3. d4 exd4 4. Bc4 Nf6 5. 0-0 Be7 6. e5 Ne4 7. Bd5 Nc5 8. Nxd4 Nxd4 9. Qxd4 c6 10. Bc4 Ne6 11. Qe4 d5 12. exd6 Qxd6 13. Nc3 0-0 14. Be3 Ng5 15. Bxg5 Bxg5 16. Rad1 Qf4 17. Rfe1 Bf5 18. Qxf4 Bxf4 19. Re7 Rab8 20. h4 Bxc2 21. Rdd7 Bg6 22. Ne2 1-0

[Event "Oberliga Nord N 9697"]
[Site "Germany"]
[Date "1996.??.??"]
[Round "?"]
[White "Dreyer, Michael"]
[Black "Dettmann, Gerd"]
[Result "1-0"]
[WhiteElo "2225"]
[BlackElo "2225"]
[PlyCount "76"]
[EventDate "1996.10.??"]
[EventType "team"]
[EventRounds "9"]
[EventCountry "GER"]
[SourceTitle "EXT 1998"]
[Source "ChessBase"]
[SourceDate "1997.11.17"]
[SourceVersion "1"]
[SourceVersionDate "1997.11.17"]
[SourceQuality "1"]

1. c4 Nf6 2. Nc3 e5 3. g3 Bc5 4. Bg2 0-0 5. d3 c6 6. Nf3 Re8 7. 0-0 h6 8. Nxe5 Bxf2+ 9. Rxf2 Rxe5 10. Bf4 Re8 11. Bd6 Re6 12. c5 Ne8 13. Ne4 Na6 14. Bh3 Nxd6 15. Bxe6 dxe6 16. Nxd6 f6 17. d4 Nc7 18. e4 Ne8 19. e5 Nxd6 20. cxd6 f5 21. Qh5 Bd7 22. Qg6 Qc8 23. Qh5 Be8 24. Qh4 Qd7 25. g4 Bg6 26. g5 h5 27. Qf4 Be8 28. Rc1 g6 29. b4 Kf7 30. b5 Qd8 31. bxc6 Bxc6 32. d5 Bxd5 33. Rc7+ Kg8 34. Rfc2 Be4 35. R2c4 Bc6 36. R4xc6 bxc6 37. Qc4 Qxg5+ 38. Kh1 Kf8 1-0